Peace or anarchy
Gardado en:
| Autor Principal: | |
|---|---|
| Formato: | Libro |
| Idioma: | Undetermined |
| Publicado: |
Boston
Little, Brown
1947
|
| Những chủ đề: | |
| Các nhãn: |
Engadir etiqueta
Sen Etiquetas, Sexa o primeiro en etiquetar este rexistro!
|
| Thư viện lưu trữ: | Trung tâm Học liệu Trường Đại học Cần Thơ |
|---|
| LEADER | 00500nam a2200181Ia 4500 | ||
|---|---|---|---|
| 001 | CTU_88334 | ||
| 008 | 210402s9999 xx 000 0 und d | ||
| 082 | |a 341 | ||
| 082 | |b M615 | ||
| 100 | |a Meyer, Cord | ||
| 245 | 0 | |a Peace or anarchy | |
| 245 | 0 | |c Cord Meyer | |
| 260 | |a Boston | ||
| 260 | |b Little, Brown | ||
| 260 | |c 1947 | ||
| 650 | |a United nations,Security, international,International organization | ||
| 904 | |i Nguyên,Hải | ||
| 980 | |a Trung tâm Học liệu Trường Đại học Cần Thơ | ||